| 000 | 00965nam a2200277 i 4500 | ||
|---|---|---|---|
| 003 | DO-SdBNP | ||
| 005 | 20240412152122.0 | ||
| 007 | ta | ||
| 008 | 240412b2023 dr ||||| |||| 00| 0 spa d | ||
| 020 | _a9789945940725 | ||
| 040 |
_aDO-SdBNP _bspa _cBNPHU _erda |
||
| 082 | 4 | _222 | |
| 100 | 1 |
_aMarte, Roxanna, _eautora _985226 |
|
| 245 | 1 | 0 |
_aPaís imposible / _cRoxanna Marte ; edicción y corrección, Rafael Rodríguez Pérez, Luis Reynaldo Pérez |
| 264 |
_aSanto Domingo : _bRío de Oro, _c2023. |
||
| 300 |
_a72 páginas ; _c23 cm. |
||
| 336 |
_2rdacontent _atexto _btxt |
||
| 337 |
_2rdamedia _asin mediación _bn |
||
| 338 |
_2rdacarrier _avolumen _bnc |
||
| 500 | _aIncluye referencias bibliográficas y notas al pie de las páginas | ||
| 590 | _aInventariado, 2024/BT | ||
| 700 | 1 |
_aRodríguez Pérez, Rafael, _eedición y corrección _985227 |
|
| 700 | 1 |
_aPérez, Luis Reynaldo, _eedición y corrección _972897 |
|
| 910 | _aBtavárez | ||
| 942 |
_2ddc _cLBS1 |
||
| 999 |
_c56387 _d56387 |
||